000 00315pam a2200121a 44500
008 230405s2011 xxu||||| |||| 00| 0 eng d
041 _aENG
100 _aSp Vyas and A Mehta
245 _aCell and Molecular Biology
260 _anew delhi
_bC.B.S Publishers & Distributers
_c2011
300 _a574
906 _a9405
999 _c299904
_d299904